000 00286nam a22001337a 4500
008 170407b xxu||||| |||| 00| 0 eng d
020 _a0397506813
041 _aeng
080 _29TH
_a611.018
100 _a9
101 _aSHM
245 _aHISTOLOGY
_cCORMACK, D.H
942 _2udc
_cBK
999 _c10097
_d10097